| 000 | 00597nam a22002057a 4500 | ||
|---|---|---|---|
| 005 | 20251108171139.0 | ||
| 008 | 250721s1989 xx 000 0 ara d | ||
| 082 | 1 | 4 | _aط/551.2/بو |
| 100 | 1 | _aه . بو، فردريك | |
| 245 | 1 | 0 | _aالبراكين و الزلازل / |
| 250 | _aط6 | ||
| 264 | 1 |
_aالقاهرة : _bدار المعارف، _c1989. |
|
| 300 | _a125ص | ||
| 490 | 0 | _aكل شىء عن ، 10 | |
| 650 | 1 | 7 | _aالزلازل |
| 650 | 1 | 7 | _aالبراكين |
| 700 | 1 |
_aسرحان، الدمرداش عبد المجيد _eترجمة |
|
| 942 |
_2ddc _cBK |
||
| 999 |
_c57788 _d57788 |
||